City Flag Quiz - Statistics

General Stats
  • This quiz has been taken 23 times
  • The average score is 10 of 16
Answer Stats
Picture Answer % Correct
Hong Kong
95%
Toronto
89%
London
84%
Amsterdam
79%
Barcelona
74%
Kuala Lumpur
74%
New York City
68%
Berlin
63%
Tokyo
63%
Chicago
58%
Rome
53%
Seoul
53%
Munich
42%
Washington D.C.
42%
Lagos
37%
Marseille
26%
No matching quizzes found
Score Distribution
Percent of People with Each Score
Percentile by Number Answered
Your Score History
You have not taken this quiz